Algunos datos para el estudio de los equínidos en general y particularmente de los géneros y especies que de los mismos se han recogido y figuran en las colecciones de la Estación de Biología Marítima de Santander (Record no. 140257)

MARC details
000 -LEADER
campo de control de longitud fija 00894nam a2200193 4500
001 - NÚMERO DE CONTROL
campo de control 140257
003 - IDENTIFICADOR DE NÚMERO DE CONTROL
campo de control ES-MaACL
005 - FECHA Y HORA DE LA ÚLTIMA TRANSACCIÓN
campo de control 20240203062548.0
007 - CAMPO FIJO DE DESCRIPCIÓN FÍSICA--INFORMACIÓN GENERAL
campo de control de longitud fija t|
008 - DATOS DE LONGITUD FIJA--INFORMACIÓN GENERAL
campo de control de longitud fija 070214s1913 sp r ||||1| spa d
100 1# - ENTRADA PRINCIPAL--NOMBRE DE PERSONA
Nombre de persona Segovia y Pérez, José María.
9 (RLIN) 105161
245 10 - MENCIÓN DEL TÍTULO
Título Algunos datos para el estudio de los equínidos en general y particularmente de los géneros y especies que de los mismos se han recogido y figuran en las colecciones de la Estación de Biología Marítima de Santander
Resto del título : memoria presentada para aspirar al grado de Doctor en Ciencias Naturales /
Mención de responsabilidad, etc. por José María de Segovia y Pérez.
260 ## - PUBLICACIÓN, DISTRIBUCIÓN, ETC.
Lugar de publicación, distribución, etc. Madrid :
Nombre del editor, distribuidor, etc. [s. n.],
Fecha de publicación, distribución, etc. 1913 (
Fabricante Est. Tip. de los Hijos de Tello)
300 ## - DESCRIPCIÓN FÍSICA
Extensión 39 p. ;
Dimensiones 24 cm.
500 ## - NOTA GENERAL
Nota general Tesis doctoral de la Universidad Central.
710 2# - ENTRADA AGREGADA--NOMBRE DE ENTIDAD CORPORATIVA
Nombre de entidad corporativa o nombre de jurisdicción como elemento de entrada Universidad Central (Madrid)
9 (RLIN) 7084
852 ## - LOCALIZACIÓN
Ubicación ES-MaACL
Número de control de estantería T-1369-F-10
Holdings
Estatus retirado Estado de pérdida Estado de daño No para préstamo Colección Biblioteca de origen Biblioteca actual Ubicación en estantería Fecha de adquisición Fuente de adquisición Total de préstamos Signatura topográfica completa Código de barras Visto por última vez Precio de reemplazo Tipo de ítem Koha
        Colección de folletos Biblioteca del Ateneo de Madrid Biblioteca del Ateneo de Madrid Depósito folletos 17/01/2008     T-1369-F-10 1145956 23/02/2023 23/02/2023 Folleto